Worlds apart (Record no. 79100)
[ view plain ]
| 000 -LEADER | |
|---|---|
| fixed length control field | 01435cab a22002295a 4500 |
| 001 - CONTROL NUMBER | |
| control field | L139839 |
| 008 - FIXED-LENGTH DATA ELEMENTS--GENERAL INFORMATION | |
| fixed length control field | 070814s2007 xxk f 000 0 eng d |
| 035 ## - SYSTEM CONTROL NUMBER | |
| System control number | (Sirsi) u139839 |
| 041 0# - LANGUAGE CODE | |
| Language code of text/sound track or separate title | eng |
| 100 1# - MAIN ENTRY--PERSONAL NAME | |
| Personal name | Loots, Philip |
| 245 00 - TITLE STATEMENT | |
| Title | Worlds apart |
| Remainder of title | EPC and EPCM contracts |
| -- | risk issues and allocation |
| 260 ## - PUBLICATION, DISTRIBUTION, ETC. | |
| Date of publication, distribution, etc. | 2007 |
| 490 #0 - SERIES STATEMENT | |
| Series statement | International Construction Law Review |
| Volume/sequential designation | 24(3) July 2007, 252-270(19) |
| 520 ## - SUMMARY, ETC. | |
| Summary, etc. | Explains how the typical Engineering, Procurement and Construction Management (EPCM) contract works and highlights some of the key differences from the Engineering, Procurement and Construction (EPC) contract. Notes that under an EPC contract, a single contractor takes responsibility for all elements of design, construction and procurement whereas an EPCM contract is a professional services contract and under it other parties construct the project. Discusses the project participants, front-end engineering and design, the scope of EPCM and the services to be performed under an EPCM contract, cost control, schedule control, insurance, net contribution, and dispute resolution. |
| 590 ## - LOCAL NOTE (RLIN) | |
| Local note | KA |
| 650 24 - SUBJECT ADDED ENTRY--TOPICAL TERM | |
| Topical term or geographic name entry element | ENGINEERING, PROCUREMENT AND CONSTRUCTION CONTRACT |
| 650 24 - SUBJECT ADDED ENTRY--TOPICAL TERM | |
| Topical term or geographic name entry element | ENGINEERING, PROCUREMENT AND CONSTRUCTION MANAGEMENT CONTRACT |
| 651 #4 - SUBJECT ADDED ENTRY--GEOGRAPHIC NAME | |
| Geographic name | United Kingdom |
| Chronological subdivision | |
| 690 ## - LOCAL SUBJECT ADDED ENTRY--TOPICAL TERM (OCLC, RLIN) | |
| Topical term or geographic name as entry element | BUILT ENVIRONMENT-BUILDING CONTRACT FORMS-STANDARD FORMS OF BUILDING CONTRACT |
| 700 1# - ADDED ENTRY--PERSONAL NAME | |
| Personal name | Henchie, Nick |
| 942 ## - ADDED ENTRY ELEMENTS (KOHA) | |
| Suppress in OPAC | 0 |
| Withdrawn status | Lost status | Source of classification or shelving scheme | Damaged status | Not for loan | Home library | Current library | Shelving location | Date acquired | Total Checkouts | Full call number | Barcode | Date last seen | Copy number | Price effective from | Koha item type |
|---|---|---|---|---|---|---|---|---|---|---|---|---|---|---|---|
| Dewey Decimal Classification | London | London | Journal article | 14/08/2007 | L139839 | 139839-1001 | 06/08/2019 | 1 | 06/08/2019 | Journal article |